00707 2200253 4500001002100000005001700021008004100038020001800079035002400097082001000121090001700131100001700148245008300165250001100248260004100259300002500300500003100325500001100356650003600367850001500403980001400418985000600432999001500438YOGYA-0209000002008420090227023403.0 ind  a979-416-257-4 0010-020900000020084 a651.8 a651.8bBud P aBUDI MARTONO aPenyusutan dan pengamanan arsip vital dalam manajemen kearsipancBoedi Martono aCet. 1 aJakartabPustaka Sinar Harapanc1994 a141 hlmbilusc20 cm aBibliografi : hlm. 140-141 aIndeks aArsip dan kearsipan - Manajemen aYOPDYOG(B) a16-5-2006 a1 a95P0058110